World order / (Record no. 16151)
[ view plain ]
| 000 -LEADER | |
|---|---|
| fixed length control field | 01045cam a2200277 i 4500 |
| 001 - CONTROL NUMBER | |
| control field | 18231931 |
| 005 - DATE AND TIME OF LATEST TRANSACTION | |
| control field | 20170105102933.0 |
| 008 - FIXED-LENGTH DATA ELEMENTS--GENERAL INFORMATION | |
| fixed length control field | 140718s2014 nyub b 001 0 eng |
| 010 ## - LIBRARY OF CONGRESS CONTROL NUMBER | |
| LC control number | 2014028152 |
| 020 ## - INTERNATIONAL STANDARD BOOK NUMBER | |
| International Standard Book Number | 9781594206146 (hardcover) |
| 040 ## - CATALOGING SOURCE | |
| Original cataloging agency | DLC |
| Language of cataloging | eng |
| Transcribing agency | DLC |
| Description conventions | rda |
| Modifying agency | DLC |
| 042 ## - AUTHENTICATION CODE | |
| Authentication code | pcc |
| 050 00 - LIBRARY OF CONGRESS CALL NUMBER | |
| Classification number | JZ1242 |
| Item number | .K575 2014 |
| 082 00 - DEWEY DECIMAL CLASSIFICATION NUMBER | |
| Classification number | 327 |
| Edition number | 23 |
| Author Mark | KIS 2014 |
| 100 1# - MAIN ENTRY--PERSONAL NAME | |
| Personal name | Kissinger, Henry, |
| Dates associated with a name | 1923- |
| 245 10 - TITLE STATEMENT | |
| Title | World order / |
| Statement of responsibility, etc. | Henry Kissinger. |
| 300 ## - PHYSICAL DESCRIPTION | |
| Extent | 420 pages : |
| Other physical details | maps ; |
| Dimensions | 25 cm |
| 504 ## - BIBLIOGRAPHY, ETC. NOTE | |
| Bibliography, etc. note | Includes bibliographical references (pages 379-403) and index. |
| 650 #0 - SUBJECT ADDED ENTRY--TOPICAL TERM | |
| Topical term or geographic name entry element | World politics |
| Chronological subdivision | 21st century. |
| 650 #0 - SUBJECT ADDED ENTRY--TOPICAL TERM | |
| Topical term or geographic name entry element | Security, International. |
| 650 #0 - SUBJECT ADDED ENTRY--TOPICAL TERM | |
| Topical term or geographic name entry element | International relations. |
| 650 #0 - SUBJECT ADDED ENTRY--TOPICAL TERM | |
| Topical term or geographic name entry element | Geopolitics. |
| 906 ## - LOCAL DATA ELEMENT F, LDF (RLIN) | |
| a | 7 |
| b | cbc |
| c | orignew |
| d | 1 |
| e | ecip |
| f | 20 |
| g | y-gencatlg |
| 942 ## - ADDED ENTRY ELEMENTS (KOHA) | |
| Source of classification or shelving scheme | |
| Koha item type | Book |
| Withdrawn status | Lost status | Damaged status | Not for loan | Collection code | Permanent Location | Current Location | Shelving location | Date acquired | Total Checkouts | Total Renewals | Full call number | Barcode | Date last seen | Date last checked out | Price effective from | Koha item type |
|---|---|---|---|---|---|---|---|---|---|---|---|---|---|---|---|---|
| Centre for International Peace & Stability (CIPS) | Centre for International Peace & Stability (CIPS) | General Stacks | 05/29/2015 | 3 | 1 | 327 KIS 2014 | CIPS0002618 | 12/14/2023 | 11/01/2023 | 06/04/2015 | Book | |||||
| Centre for International Peace & Stability (CIPS) | Centre for International Peace & Stability (CIPS) | General Stacks | 08/19/2015 | 1 | 327 KIS 2014 | CIPS0002619 | 09/24/2025 | 09/16/2025 | 08/19/2015 | Book | ||||||
| Centre for International Peace & Stability (CIPS) | Centre for International Peace & Stability (CIPS) | General Stacks | 08/19/2015 | 3 | 1 | 327 KIS 2014 | CIPS0002634 | 03/13/2024 | 10/12/2023 | 08/19/2015 | Book |
